000 00602 a2200169 4500
001 069112
003 OSt
005 20220409130942.0
008
082 _a810.9352664
_bP12Q
100 1 _aPackard, Chris
245 1 _aQueer cowboys
_cby Chris Packard
260 _aNew York
_bPalgrave Macmillan
_c2006
300 _a144p.
653 _aMale homosexuality in literature; American literature; Male friendship in literature; Sexual orientation in literature; United States; Homosexuality and literature; Cowboys in literature; Sex in literature
942 _2ddc
_cBK
999 _c2722
_d2722